| 000 | 00242nam a22000737a 4500 | ||
|---|---|---|---|
| 999 |
_c23581 _d23581 |
||
| 003 | Nust | ||
| 005 | 20170526162636.0 | ||
| 008 | 131218b xxu||||| |||| 00| 0 eng d | ||
| 040 |
_aDLC _bDLC _cRCMS |
||
| 082 |
_22nd,ed. _a301HOG |
||
| 100 |
_aHodges,Harold M. _91470 |
||
| 245 |
_aConflict and Consensus: _ban Introduction to Sociology |
||
| 260 |
_aIslamabad _bNational Book Foundation |
||
| 300 |
_axv, 558 p. _bill _c25,cm. |
||
| 500 | _aIncludes bibliographical references and index | ||
| 538 | _iShelf # 13, Row # 3, Fiction. | ||
| 650 |
_aSociology. _9367 |
||
| 856 | _3Table of Content Only | ||
| 942 |
_2ddc _cFIC |
||